What a Wonderful World (Record no. 8110)

MARC details
000 -LEADER
fixed length control field 00277nam a2200121Ia 4500
008 - FIXED-LENGTH DATA ELEMENTS--GENERAL INFORMATION
fixed length control field 260604s9999 xx 000 0 und d
020 ## - INTERNATIONAL STANDARD BOOK NUMBER
International Standard Book Number 9780008498351
082 ## - DEWEY DECIMAL CLASSIFICATION NUMBER
Classification number 741.64 HAR
245 #0 - TITLE STATEMENT
Title What a Wonderful World
260 ## - PUBLICATION, DISTRIBUTION, ETC.
Name of publisher, distributor, etc. HARPER COLLINS UK
500 ## - GENERAL NOTE
General note World
942 ## - ADDED ENTRY ELEMENTS (KOHA)
Koha item type Book
Holdings
Date last seen Total Checkouts Full call number Barcode Cost, replacement price Price effective from Koha item type Lost status Damaged status Not for loan Withdrawn status Home library Current library Shelving location Date acquired Cost, normal purchase price BOOK NO
06/04/2026   741.64 HAR 003728 599.00 06/04/2026 Book         Indian Institute of Management Visakhapatnam Indian Institute of Management Visakhapatnam   06/04/2026 599.00 HAR

Copyright © 2024 Indian Institute of Management Visakhapatnam
Koha v23.05